|
|
|
|
| LEADER |
02691cam a2200661 i 4500 |
| 001 |
nkc20243603973 |
| 003 |
CZ PrNK |
| 005 |
20250314095121.0 |
| 007 |
ta |
| 008 |
240403s2024 xr abche 000 0dcze d |
| 015 |
|
|
|a cnb003603973
|
| 020 |
|
|
|a 978-80-7573-133-3
|q (vázáno)
|
| 035 |
|
|
|a (OCoLC)1445419562
|
| 040 |
|
|
|a CBA001
|b cze
|d ABA001
|e rda
|
| 043 |
|
|
|a e-xr---
|b e-xr-jc
|2 czenas
|
| 045 |
|
|
|a x1x4
|
| 072 |
|
7 |
|a 355/359
|x Vojenství. Obrana země. Ozbrojené síly
|2 Konspekt
|9 15
|
| 080 |
|
|
|a 343.359.3
|2 MRF
|
| 080 |
|
|
|a 351.746.1
|2 MRF
|
| 080 |
|
|
|a 355.457
|2 MRF
|
| 080 |
|
|
|a (437.31-13)
|2 MRF
|
| 080 |
|
|
|a (437.19)
|2 MRF
|
| 080 |
|
|
|a (437.319)
|2 MRF
|
| 080 |
|
|
|a (0:82-96)
|2 MRF
|
| 100 |
1 |
|
|a Ciglbauer, Jan,
|d 1988-
|7 jx20130328001
|4 aut
|
| 245 |
1 |
0 |
|a Finanční stráž v Novohradských horách :
|b pašerácké a jiné příběhy z Novohradska a Kaplicka z let 1918-1948 /
|c Jan Ciglbauer
|
| 250 |
|
|
|a 1. vydání
|
| 264 |
|
1 |
|a Cheb :
|b Svět křídel,
|c 2024
|
| 300 |
|
|
|a 335 stran :
|b ilustrace (některé barevné), mapy, portréty, faksimile ;
|c 24 cm
|
| 336 |
|
|
|a text
|b txt
|2 rdacontent
|
| 336 |
|
|
|a statický obraz
|b sti
|2 rdacontent
|
| 337 |
|
|
|a bez média
|b n
|2 rdamedia
|
| 338 |
|
|
|a svazek
|b nc
|2 rdacarrier
|
| 490 |
1 |
|
|a Svět křídel ;
|v 339
|
| 500 |
|
|
|a 900 výtisků
|
| 504 |
|
|
|a Obsahuje bibliografii a bibliografické odkazy
|
| 610 |
1 |
7 |
|a Československo.
|b Finanční stráž
|7 kn20020521006
|2 czenas
|
| 648 |
|
7 |
|a 1918-1948
|7 ch501252
|2 czenas
|
| 650 |
0 |
7 |
|a pašování
|7 ph124004
|z Česko
|y 1918-1948
|2 czenas
|
| 650 |
0 |
7 |
|a pohraniční policie
|7 ph164197
|z Česko
|y 1918-1948
|2 czenas
|
| 650 |
0 |
7 |
|a ochrana státní hranice
|7 ph139179
|z Česko
|y 1918-1948
|2 czenas
|
| 650 |
0 |
9 |
|a smuggling
|z Czechia
|y 1918-1948
|2 eczenas
|
| 650 |
0 |
9 |
|a border patrols
|z Czechia
|y 1918-1948
|2 eczenas
|
| 650 |
0 |
9 |
|a defence of state boundary
|z Czechia
|y 1918-1948
|2 eczenas
|
| 651 |
|
7 |
|a Novohradské hory (Česko a Rakousko : oblast)
|7 ge130200
|2 czenas
|
| 651 |
|
7 |
|a Nové Hrady (České Budějovice, Česko : oblast)
|7 ge130222
|2 czenas
|
| 651 |
|
7 |
|a Kaplice (Český Krumlov, Česko : oblast)
|7 ge647544
|2 czenas
|
| 651 |
|
9 |
|a Novohradské hory Mountains Region (Austria and Czechia)
|2 eczenas
|
| 651 |
|
9 |
|a Nové Hrady Region (České Budějovice, Czechia)
|2 eczenas
|
| 651 |
|
9 |
|a Kaplice Region (Český Krumlov, Czechia)
|2 eczenas
|
| 655 |
|
7 |
|a literatura faktu
|7 fd132773
|2 czenas
|
| 655 |
|
9 |
|a non-fiction
|2 eczenas
|
| 830 |
|
0 |
|a Svět křídel
|0 s
|
| 910 |
2 |
|
|a BOA001
|b 2-1541.297
|
| 920 |
|
|
|a 1300245
|z CBA001
|
| 990 |
|
|
|a BK
|
| 995 |
|
|
|a 01
|
| 996 |
6 |
|
|b 2610998010
|c 2-1541.297
|l MZK
|r Sklad / do 1 hodiny
|n 0
|p p.v.
|w 001998462
|u 000010
|a 1
|e BOA001
|j MZK50
|s P
|